Normal view
MARC view
Entry Personal Name
001 - CONTROL NUMBER
- control field: 556836
003 - CONTROL NUMBER IDENTIFIER
- control field: OSt
005 - DATE AND TIME OF LATEST TRANSACTION
- control field: 20220930094934.0
008 - FIXED-LENGTH DATA ELEMENTS
- fixed length control field: 220930|| aca||aabn | a|a d
040 ## - CATALOGING SOURCE
- Original cataloging agency: OSt
- Transcribing agency: OSt
100 ## - HEADING--PERSONAL NAME
- Personal name: दिल्ली विश्वविद्यालय. कला संकाय. हिंदी विभाग
670 ## - SOURCE DATA FOUND
- Source citation: Work cat.: (OSt)888004: रमन, यशपाल, ले., नवजागरणकालीन साहित्यिक चेतना के निर्माण में वैचारिक स्रोतों की भूमिका।, 2018
